000 00942cam a2200241 a 4500
999 _c126608
_d126608
001 4815697
003 ARRUPE
005 20170809122209.0
008 900106s1987 rh a 000 0 eng
010 _a 88980352
040 _aDLC
_cDLC
_dDLC
043 _af-rh---
050 0 0 _aPN2998.4
_b.N48 1987
082 0 0 _a792/.0223/096891
_220
100 0 _aNgũgĩ wa Mĩriĩ,
_d1951-2008.
_923015
245 1 0 _aCommunity based theatre skills :
_breport of Bulawayo workshop, 19-20 July, 1986 /
_corganised by ZIMFEP community based theatre project ; compiled by Ngugi wa Mirii ; illustrated by Kibacia Gatu.
260 _a[Harare?] :
_bZIMFEP,
_c[1987?]
300 _a62 p. :
_bill. ;
_c21 cm.
650 0 _aDrama
_xIntrodution
_934672
650 0 _aAmateur theater
_zZimbabwe.
_923017
710 2 _aZimbabwe Foundation for Education with Production.
_923018
906 _a7
_bcbc
_corignew
_d3
_encip
_f19
_gy-gencatlg
942 _2lcc
_cMONOGRAPH